00459nam a2200193Ia 4500008004100000020001800041050001400059100002000073245002800093245002300121260001500144260001600159260000900175300001600184300002000200300001000220300002900230440000600259170918s9999 xx 000 0 und d a9780545509169 bH321 2012 aHarrison, Paula 4aThe moonlight mystery / cby Paula Harrison. aNew York : bScholastic, c2012 a124 pages : billustrations : c19cm. eThe rescue princesses ;  a3